Normal view
MARC view
- Soils
Entry Topical Term
001 - CONTROL NUMBER
- control field: 6907
003 - CONTROL NUMBER IDENTIFIER
- control field: NUST
005 - DATE AND TIME OF LATEST TRANSACTION
- control field: 20171204103220.0
008 - FIXED-LENGTH DATA ELEMENTS
- fixed length control field: 171204|| aca||aabn | a|a d
040 ## - CATALOGING SOURCE
- Original cataloging agency: NUST
- Transcribing agency: NUST
150 ## - HEADING--TOPICAL TERM
- Topical term or geographic name entry element: Soils
- General subdivision: Heavy metal content.
670 ## - SOURCE DATA FOUND
- Source citation: Work cat.: (NUST)0: Selim, H. Magdi (Hussein Magdi), 1944- 6906, Reactivity and transport of heavy metals in soils /, c1997.
